Základné organizačné predpisy pre okresné a obvodné úrady miestnej štátnej správy

Bibliographic Details
Format: Article
Language:Slovak
Subjects:

MARC

LEADER 00000nab a2200000 a 4500
001 vtls000414985
003 SK-MaSNL
005 20260302234526.0
008 120925c1991 xo 0 slo
015 |a SNBRB19rr/mm-uuuuu 
035 |a CL0415110 
040 |a SNKBUCL  |b slo  |c SNKBUCL  |e AACR2 
041 0 |a slo 
044 |a xo  |c SK 
080 |a 352/354  |2 1981 
245 0 0 |a Základné organizačné predpisy pre okresné a obvodné úrady miestnej štátnej správy 
650 0 7 |a správa štátna miestna  |2 snkbucl  |9 861455 
650 0 7 |a správa štátna okresná  |2 snkbucl  |9 969856 
650 0 7 |a správa štátna obvodná  |2 snkbucl  |9 969857 
655 7 |a články z novín a časopisov  |2 snkbucl  |9 267496 
773 0 |t Verejná správa  |g Č. 1 (1991) 
850 |a Slovenská národná knižnica v Martine  |a MTA001 
852 |a SNK  |b KIS3GCP 
958 |a RK 
992 |a RBX 
999 |c 1551024  |d 1552954